000 00481nam a2200157 a 4500
005 20140412111243.0
008 010719s19uu xx 00 eng d
020 _a0-307-60238-9
050 _aER
_bMy99 1985
100 _aWinthrop, Elizabeth
245 _aMy first book of the planets /
_cby Elizabeth Winthrop; illustrated by John Nez.
260 _aNew York :
_bA Golden Book,
_c1985.
300 _a1v. (unp.) ; ill.
650 _aPlanets-Juvenile literature
999 _c102818
_d102818